[Event "FIDE WCC Rapid Open 2019"]
[Site "Moscow"]
[Date "2019.12.26"]
[Round "3.32"]
[White "Alekseenko, Kirill"]
[Black "Dreev, Aleksey"]
[Result "0-1"]
[WhiteElo "2697"]
[BlackElo "2588"]
[Annotator "TA"]
[PlyCount "68"]
[EventDate "2019.12.26"]
[EventType "swiss"]
[EventCountry "RUS"]
[Tiebreak "Cut2 Buchholz+Sum of Buchholz"]
[SourceTitle "playchess.com"]
[Source "ChessBase"]
[SourceQuality "1"]

1. e4 c6 2. Nf3 d5 3. d3 dxe4 4. dxe4 Qxd1+ 5. Kxd1 Nd7 6. Nfd2 g6 7. c3 Bg7 8.
f3 f5 9. exf5 gxf5 10. Kc2 Ngf6 11. Nb3 Nd5 12. a4 Ne5 13. Nd4 f4 14. Na3 c5
15. Ne2 O-O 16. Kb3 Nd3 17. Bd2 Be6 18. c4 N5b4 19. Bc3 Rad8 20. Rg1 Ne5 21.
Re1 Nbd3 22. Rd1 Rd6 23. Bxe5 Rb6+ 24. Ka2 Bxe5 25. Rd2 Nxb2 26. Rc2 Nd3 27. a5
Nb4+ 28. Kb3 Nxc2+ 29. axb6 Nxa3 30. Kxa3 axb6 31. Kb3 Ra8 32. g3 fxg3 33. f4
Bf6 34. Nxg3 Kh8 0-1

[Event "FIDE WCC Rapid Open 2019"]
[Site "Moscow"]
[Date "2019.12.26"]
[Round "3.65"]
[White "Nozdrachev, Vladislav"]
[Black "Blohberger, Felix"]
[Result "1/2-1/2"]
[WhiteElo "2558"]
[BlackElo "2316"]
[Annotator "ChessBase"]
[PlyCount "111"]
[EventDate "2019.12.26"]
[EventType "swiss"]
[EventCountry "RUS"]
[Tiebreak "Cut2 Buchholz+Sum of Buchholz"]
[SourceTitle "playchess.com"]
[Source "ChessBase"]
[SourceQuality "1"]

1. e4 e5 2. Nf3 Nf6 3. Nxe5 d6 4. Nf3 Nxe4 5. c4 Nc6 6. Nc3 Nxc3 7. dxc3 g6 8.
Qe2+ Qe7 9. Bg5 Qxe2+ 10. Bxe2 Bg7 11. O-O-O O-O 12. Nd4 Nxd4 13. cxd4 Be6 14.
h4 Rfe8 15. Rhe1 a6 16. a4 Bd7 17. b3 Bc6 18. d5 Bd7 19. a5 Bc3 20. Bd2 Bd4 21.
Bf3 Bxf2 22. Rxe8+ Rxe8 23. h5 Bf5 24. Rf1 Be3 25. Kd1 Bxd2 26. Kxd2 Kg7 27.
hxg6 fxg6 28. b4 g5 29. b5 Kg6 30. g4 Bc8 31. Be2 Kg7 32. Rc1 Re5 33. b6 cxb6
34. axb6 h5 35. gxh5 g4 36. Rg1 Rxh5 37. Ke3 Re5+ 38. Kf2 Re4 39. Rc1 Kf6 40.
c5 dxc5 41. Rxc5 g3+ 42. Kf3 g2 43. Rc1 Bg4+ 44. Kxe4 Bxe2 45. Ke3 Bf1 46. Kf2
Ke5 47. Rc7 Kxd5 48. Rxb7 Kc6 49. Rb8 Kb5 50. Rg8 Kxb6 51. Ke3 Kc5 52. Kd2 Kc4
53. Kc2 Kd4 54. Kb2 Ke3 55. Rxg2 Bxg2 56. Ka1 1/2-1/2

[Event "FIDE WCC Rapid Open 2019"]
[Site "Moscow"]
[Date "2019.12.26"]
[Round "3.76"]
[White "Tari, Aryan"]
[Black "Ismagambetov, Anuar"]
[Result "1-0"]
[WhiteElo "2562"]
[BlackElo "2420"]
[Annotator "ChessBase"]
[PlyCount "47"]
[EventDate "2019.12.26"]
[EventType "swiss"]
[EventCountry "RUS"]
[Tiebreak "Cut2 Buchholz+Sum of Buchholz"]
[SourceTitle "playchess.com"]
[Source "ChessBase"]
[SourceQuality "1"]

1. e4 c5 2. Nf3 Nc6 3. Bb5 g6 4. Bxc6 bxc6 5. d4 cxd4 6. Qxd4 Nf6 7. e5 Nd5 8.
Qh4 Ba6 9. c4 Nb4 10. Qe4 d5 11. exd6 Qxd6 12. O-O f5 13. Qe2 Bg7 14. Na3 O-O
15. Rd1 Qf6 16. Bd2 Qxb2 17. Rab1 Qxa3 18. Bxb4 Qa4 19. Ng5 Bf6 20. Qe6+ Kg7
21. Bxe7 Bxg5 22. Bxg5 Rf7 23. Rd7 Raf8 24. Bf6+ 1-0

[Event "FIDE WCC Rapid Open 2019"]
[Site "Moscow"]
[Date "2019.12.26"]
[Round "3.80"]
[White "Yagupov, Igor"]
[Black "Piorun, Kacper"]
[Result "1-0"]
[WhiteElo "2382"]
[BlackElo "2552"]
[Annotator "ChessBase"]
[PlyCount "147"]
[EventDate "2019.12.26"]
[EventType "swiss"]
[EventCountry "RUS"]
[Tiebreak "Cut2 Buchholz+Sum of Buchholz"]
[SourceTitle "playchess.com"]
[Source "ChessBase"]
[SourceQuality "1"]

1. e4 c6 2. d4 d5 3. e5 Bf5 4. Nf3 e6 5. Be2 Nd7 6. O-O Ne7 7. Nbd2 h6 8. Nb3
Nc8 9. Bd2 Be7 10. Rc1 Ncb6 11. Na5 Rb8 12. b4 O-O 13. Re1 Na4 14. c4 Nb2 15.
Qb3 Nxc4 16. Nxc4 dxc4 17. Bxc4 Nb6 18. Bf1 Nd5 19. a4 Qd7 20. b5 Rfc8 21. h3
Qd8 22. Rc4 Nb6 23. Ba5 Qd5 24. Bxb6 axb6 25. Rec1 Rd8 26. Bd3 cxb5 27. axb5
Bxd3 28. Qxd3 Qxb5 29. Rb1 Qa6 30. Qb3 Rdc8 31. Ra4 Qe2 32. Ra2 Qe4 33. Qxb6
Rc6 34. Qb5 Rbc8 35. Re1 Rc1 36. Rae2 Qc6 37. Rxc1 Qxc1+ 38. Re1 Qc6 39. Qxc6
Rxc6 40. Rb1 b6 41. Kf1 Bd8 42. Rb2 Kf8 43. Ke2 Rc3 44. Nd2 f5 45. Ra2 Ke7 46.
Ra7+ Rc7 47. Ra8 Kd7 48. Kd3 Rc1 49. Nc4 Bc7 50. Rg8 g5 51. Rg7+ Kc6 52. Re7 b5
53. Ne3 f4 54. Nc2 Rg1 55. Nb4+ Kb6 56. Rxe6+ Ka5 57. Nd5 Bb8 58. Re8 Rd1+ 59.
Kc3 Ba7 60. Ra8 Ka6 61. Nb4+ Kb7 62. Rd8 Bb6 63. Rd7+ Kc8 64. e6 Re1 65. d5
Bxf2 66. Nc6 Bc5 67. Na7+ Kb8 68. Nxb5 Re2 69. Kc4 Rc2+ 70. Nc3 Kc8 71. Kxc5
Rxc3+ 72. Kd6 Ra3 73. Rc7+ Kb8 74. e7 1-0

[Event "FIDE WCC Rapid Open 2019"]
[Site "Moscow"]
[Date "2019.12.26"]
[Round "4.3"]
[White "Smirin, Ilia"]
[Black "Guseinov, Gadir"]
[Result "1-0"]
[WhiteElo "2584"]
[BlackElo "2691"]
[Annotator "TA"]
[PlyCount "67"]
[EventDate "2019.12.26"]
[EventType "swiss"]
[EventCountry "RUS"]
[Tiebreak "Cut2 Buchholz+Sum of Buchholz"]
[SourceTitle "playchess.com"]
[Source "ChessBase"]
[SourceQuality "1"]

1. e4 c5 2. Nf3 g6 3. Bc4 Bg7 4. c3 e6 5. d4 cxd4 6. Nxd4 a6 7. O-O Qc7 8. Bb3
Ne7 9. Bg5 Qe5 10. f4 Qc5 11. f5 gxf5 12. Be3 f4 13. Rxf4 Qc7 14. Nd2 Ng6 15.
Rf3 Nc6 16. Nxc6 bxc6 17. Nc4 d5 18. exd5 cxd5 19. Nb6 Rb8 20. Nxc8 Rxc8 21.
Qe2 Qc6 22. Raf1 Rc7 23. Rh3 Kf8 24. Bc2 d4 25. Bd2 Qb6 26. Kh1 Qxb2 27. Bxg6
dxc3 28. Bxf7 Rxf7 29. Rhf3 Rxf3 30. Qxf3+ Ke7 31. Qf7+ Kd6 32. Qxg7 Rc8 33.
Qd4+ Kc6 34. Qe4+ 1-0

[Event "FIDE WCC Rapid Open 2019"]
[Site "Moscow"]
[Date "2019.12.26"]
[Round "4.5"]
[White "Shirov, Alexei"]
[Black "Nakamura, Hikaru"]
[Result "1-0"]
[WhiteElo "2672"]
[BlackElo "2819"]
[Annotator "TA"]
[PlyCount "91"]
[EventDate "2019.12.26"]
[EventType "swiss"]
[EventCountry "RUS"]
[Tiebreak "Cut2 Buchholz+Sum of Buchholz"]
[SourceTitle "playchess.com"]
[Source "ChessBase"]
[SourceQuality "1"]

1. e4 e5 2. Nf3 Nc6 3. Bb5 Nf6 4. d3 Bc5 5. c3 d5 6. Nxe5 O-O 7. Bxc6 bxc6 8.
d4 Bb6 9. O-O Nxe4 10. f3 Nf6 11. Be3 Re8 12. Bf2 c5 13. Nxf7 Kxf7 14. dxc5 Ba5
15. b4 c6 16. bxa5 Ba6 17. Re1 Qxa5 18. Nd2 Rxe1+ 19. Qxe1 Qxc3 20. Nb3 Qxe1+
21. Rxe1 Re8 22. Nd4 Rxe1+ 23. Bxe1 Bb7 24. Bg3 g5 25. Kf2 h5 26. Ke3 Ng8 27.
h4 Kg6 28. hxg5 Kxg5 29. Bc7 Kg6 30. Bd8 Nh6 31. Kf4 Nf7 32. Be7 Nh6 33. a4 Nf7
34. a5 Nh6 35. Bd6 Nf7 36. Bb8 a6 37. Be5 Nd8 38. Bc7 Nf7 39. Nf5 Kf6 40. g4
hxg4 41. fxg4 Kg6 42. Bd6 Nd8 43. Be7 Ne6+ 44. Ke5 Bc8 45. Bh4 Kh7 46. Kd6 1-0

[Event "FIDE WCC Rapid Open 2019"]
[Site "Moscow"]
[Date "2019.12.26"]
[Round "4.19"]
[White "Suleymanli, Aydin"]
[Black "Ponkratov, Pavel"]
[Result "0-1"]
[WhiteElo "2086"]
[BlackElo "2687"]
[Annotator "TA"]
[PlyCount "104"]
[EventDate "2019.12.26"]
[EventType "swiss"]
[EventCountry "RUS"]
[Tiebreak "Cut2 Buchholz+Sum of Buchholz"]
[SourceTitle "playchess.com"]
[Source "ChessBase"]
[SourceQuality "1"]

1. d4 e6 2. c4 c5 3. d5 exd5 4. cxd5 d6 5. Nc3 a6 6. a4 g6 7. e4 Bg7 8. f4 Nh6
9. Nf3 Bg4 10. Be2 Nd7 11. O-O O-O 12. h3 Bxf3 13. Bxf3 f5 14. Re1 Qh4 15. Be3
fxe4 16. Bxe4 Rae8 17. Qd3 Nf6 18. Bf2 Qxf4 19. Bg3 Qg5 20. Bxd6 Nfg4 21. Bxc5
Be5 22. d6 Bh2+ 23. Kh1 Qxc5 24. Qd5+ Qxd5 25. Bxd5+ Kg7 26. Rxe8 Rxe8 27. d7
Rd8 28. hxg4 Be5 29. Bxb7 Rxd7 30. Bxa6 Rd2 31. g5 Nf5 32. Re1 Bd4 33. Ne4 Rxb2
34. Rc1 Be5 35. Rd1 Rb4 36. Rd7+ Kf8 37. g4 Ne3 38. Bd3 Rxa4 39. Kg1 Nxg4 40.
Rxh7 Bd4+ 41. Kg2 Ra3 42. Be2 Ne3+ 43. Kh3 Ra2 44. Bf3 Be5 45. Ng3 Ra3 46. Ne2
Bg7 47. Rh4 Nf5 48. Rf4 Be5 49. Kg4 Bxf4 50. Nxf4 Kg7 51. Ne6+ Kf7 52. Nf4 Ne3+
0-1

[Event "FIDE WCC Rapid Open 2019"]
[Site "Moscow"]
[Date "2019.12.26"]
[Round "4.26"]
[White "Yuffa, Daniil"]
[Black "Petrosian, Tigran L."]
[Result "1-0"]
[WhiteElo "2587"]
[BlackElo "2721"]
[Annotator "TA"]
[PlyCount "53"]
[EventDate "2019.12.26"]
[EventType "swiss"]
[EventCountry "RUS"]
[Tiebreak "Cut2 Buchholz+Sum of Buchholz"]
[SourceTitle "playchess.com"]
[Source "ChessBase"]
[SourceQuality "1"]

1. d4 d6 2. Nf3 Bg4 3. e4 e6 4. c4 Nc6 5. d5 Ne5 6. Qa4+ Nd7 7. Be2 Ngf6 8. Nc3
e5 9. h3 Bh5 10. Be3 Be7 11. g4 Bg6 12. Nd2 Ng8 13. O-O-O h6 14. Nf3 Ngf6 15.
Bd3 a6 16. Qc2 c6 17. dxc6 bxc6 18. c5 Qa5 19. cxd6 Bxd6 20. Nh4 Bc5 21. Nxg6
Bxe3+ 22. fxe3 fxg6 23. Bc4 Nb6 24. Qb3 Ra7 25. Rd3 Qc5 26. Rhd1 Rd7 27. Rxd7
1-0

[Event "FIDE WCC Rapid Open 2019"]
[Site "Moscow"]
[Date "2019.12.26"]
[Round "4.32"]
[White "Vidit, Santosh Gujrathi"]
[Black "Bartel, Mateusz"]
[Result "0-1"]
[WhiteElo "2668"]
[BlackElo "2544"]
[Annotator "TA"]
[PlyCount "44"]
[EventDate "2019.12.26"]
[EventType "swiss"]
[EventCountry "RUS"]
[Tiebreak "Cut2 Buchholz+Sum of Buchholz"]
[SourceTitle "playchess.com"]
[Source "ChessBase"]
[SourceQuality "1"]

1. d4 d5 2. c4 c6 3. Nf3 Nf6 4. Nc3 dxc4 5. a4 Bf5 6. Ne5 e6 7. f3 Bb4 8. Kf2
Bc2 9. Qd2 Bb3 10. e4 c5 11. dxc5 Bxc5+ 12. Ke1 Nbd7 13. Nxc4 O-O 14. a5 Bb4
15. a6 Qc7 16. Na3 bxa6 17. Bxa6 Rfd8 18. Qe3 Bc5 19. Qe2 Ne5 20. Be3 Qb6 21.
Bxc5 Qxc5 22. Qf2 Qd6 0-1

[Event "FIDE WCC Rapid Open 2019"]
[Site "Moscow"]
[Date "2019.12.26"]
[Round "4.38"]
[White "Adhiban, B.."]
[Black "Samsonkin, Artiom"]
[Result "1-0"]
[WhiteElo "2607"]
[BlackElo "2406"]
[Annotator "ChessBase"]
[PlyCount "62"]
[EventDate "2019.12.26"]
[EventType "swiss"]
[EventCountry "RUS"]
[Tiebreak "Cut2 Buchholz+Sum of Buchholz"]
[SourceTitle "playchess.com"]
[Source "ChessBase"]
[SourceQuality "1"]

1. d4 Nf6 2. c4 e6 3. Nc3 Bb4 4. e3 O-O 5. Bd2 a5 6. a3 Bxc3 7. Bxc3 Ne4 8. Rc1
Qe7 9. Bd3 Nxc3 10. Rxc3 d6 11. c5 Nc6 12. cxd6 cxd6 13. Nf3 e5 14. d5 e4 15.
dxc6 exd3 16. c7 Bg4 17. Qxd3 Bxf3 18. gxf3 Rfc8 19. Qe4 Rxc7 20. Qxe7 Rxe7 21.
Ke2 Re5 22. Rb3 b5 23. Rd1 Ra6 24. Rbd3 Re6 25. Rd5 Rb6 26. h4 Kf8 27. Rc1 Re5
28. Rcd1 Ke7 29. f4 Re6 30. Rc1 Rb7 31. b3 Rh6 1-0

[Event "FIDE WCC Rapid Open 2019"]
[Site "Moscow"]
[Date "2019.12.26"]
[Round "4.39"]
[White "Korobov, Anton"]
[Black "Sethuraman, S.P.."]
[Result "1/2-1/2"]
[WhiteElo "2818"]
[BlackElo "2560"]
[Annotator "TA"]
[PlyCount "96"]
[EventDate "2019.12.26"]
[EventType "swiss"]
[EventCountry "RUS"]
[Tiebreak "Cut2 Buchholz+Sum of Buchholz"]
[SourceTitle "playchess.com"]
[Source "ChessBase"]
[SourceQuality "1"]

1. d4 f5 2. g3 Nf6 3. Bg2 g6 4. Nf3 Bg7 5. O-O O-O 6. b3 d6 7. Bb2 a5 8. c4 c6
9. Nbd2 e5 10. dxe5 Nfd7 11. e4 f4 12. gxf4 Rxf4 13. c5 Nxc5 14. Qc2 Nba6 15.
exd6 Bxb2 16. Qxb2 Qxd6 17. Nc4 Qf8 18. Nd4 Rh4 19. f4 Nd3 20. Qd2 Nac5 21. f5
Qh6 22. Qxh6 Rxh6 23. f6 Bg4 24. Ne3 Bd7 25. Rad1 Rf8 26. Nc4 g5 27. e5 b5 28.
Nxa5 Nxe5 29. b4 Ncd3 30. Ndxc6 Rhxf6 31. Nxe5 Rxf1+ 32. Rxf1 Nxe5 33. Bd5+ Kg7
34. Rxf8 Kxf8 35. Nb7 Ke7 36. Nc5 Bc6 37. Bxc6 Nxc6 38. a3 Nd4 39. a4 bxa4 40.
Nxa4 Kd6 41. Kf2 Kd5 42. Nc3+ Kc4 43. Ne4 h6 44. Kg3 Kxb4 45. Kg4 Kc4 46. Nxg5
hxg5 47. Kxg5 Nf3+ 48. Kf4 Kd5 1/2-1/2

[Event "FIDE WCC Rapid Open 2019"]
[Site "Moscow"]
[Date "2019.12.26"]
[Round "4.47"]
[White "Yilmaz, Mustafa"]
[Black "Alekseenko, Kirill"]
[Result "0-1"]
[WhiteElo "2525"]
[BlackElo "2697"]
[Annotator "TA"]
[PlyCount "58"]
[EventDate "2019.12.26"]
[EventType "swiss"]
[EventCountry "RUS"]
[Tiebreak "Cut2 Buchholz+Sum of Buchholz"]
[SourceTitle "playchess.com"]
[Source "ChessBase"]
[SourceQuality "1"]

1. d4 d5 2. c4 dxc4 3. Nf3 a6 4. e3 Bg4 5. Bxc4 e6 6. O-O Nf6 7. Nc3 Nc6 8. h3
Bh5 9. Re1 Be7 10. b3 O-O 11. Bb2 Nb4 12. Rc1 Nbd5 13. e4 Nf4 14. Kh2 c5 15.
Qd2 Ng6 16. e5 Bxf3 17. gxf3 cxd4 18. Nb1 Nh4 19. Qf4 Nd5 20. Qg4 b5 21. Bd3
Bg5 22. Rg1 g6 23. Be4 Bf4+ 24. Kh1 Bxe5 25. Bxd5 exd5 26. f4 Bg7 27. Nd2 h5
28. Qg3 Nf5 29. Qf3 Re8 0-1

[Event "FIDE WCC Rapid Open 2019"]
[Site "Moscow"]
[Date "2019.12.26"]
[Round "4.55"]
[White "Kazhgaleyev, Murtas"]
[Black "Sarana, Alexey"]
[Result "0-1"]
[WhiteElo "2455"]
[BlackElo "2618"]
[Annotator "ChessBase"]
[PlyCount "94"]
[EventDate "2019.12.26"]
[EventType "swiss"]
[EventCountry "RUS"]
[Tiebreak "Cut2 Buchholz+Sum of Buchholz"]
[SourceTitle "playchess.com"]
[Source "ChessBase"]
[SourceQuality "1"]

1. d4 Nf6 2. c4 e6 3. Nf3 d5 4. Nc3 dxc4 5. Qa4+ c6 6. Qxc4 b5 7. Qd3 a6 8. e4
c5 9. dxc5 Bxc5 10. Qxd8+ Kxd8 11. Bd3 Bb7 12. e5 Nd5 13. Ne4 Be7 14. a3 Nc6
15. O-O h6 16. b4 Kd7 17. Bb2 Rhd8 18. Rfd1 Ke8 19. Bf1 Nb6 20. Rac1 Rxd1 21.
Rxd1 Nxb4 22. Nd6+ Bxd6 23. exd6 Bxf3 24. gxf3 N4d5 25. Bxg7 h5 26. Rc1 Kd7 27.
Be5 Rg8+ 28. Kh1 Rc8 29. Ra1 Rc2 30. Kg2 Ne3+ 31. Kg3 Nxf1+ 32. Rxf1 Nc4 33. f4
Nxa3 34. f5 Nc4 35. fxe6+ fxe6 36. f4 b4 37. Kh4 Rxh2+ 38. Kg5 b3 39. Kf6 b2
40. f5 Nxe5 41. fxe6+ Kxd6 42. Rd1+ Kc5 43. Kxe5 Re2+ 44. Kf6 a5 45. e7 a4 46.
Rh1 a3 47. Rxh5+ Kd6 0-1

[Event "FIDE WCC Rapid Open 2019"]
[Site "Moscow"]
[Date "2019.12.26"]
[Round "4.82"]
[White "Khusnutdinov, Rustam"]
[Black "Makarian, Rudik"]
[Result "*"]
[WhiteElo "2532"]
[BlackElo "2334"]
[Annotator "ChessBase"]
[PlyCount "89"]
[EventDate "2019.12.26"]
[EventType "swiss"]
[EventCountry "RUS"]
[Tiebreak "Cut2 Buchholz+Sum of Buchholz"]
[SourceTitle "playchess.com"]
[Source "ChessBase"]
[SourceQuality "1"]

1. e4 c5 2. Nc3 d6 3. d4 cxd4 4. Qxd4 Nc6 5. Qd2 g6 6. b3 Bg7 7. Bb2 Nf6 8.
O-O-O O-O 9. f3 Bd7 10. h4 a5 11. a4 Nb4 12. Kb1 Rc8 13. Rc1 d5 14. exd5 Be6
15. Nh3 Nfxd5 16. Nxd5 Qxd5 17. Qxd5 Nxd5 18. Bxg7 Kxg7 19. Ng5 Bd7 20. Kb2 h6
21. Ne4 f5 22. Nd2 Ne3 23. Nc4 Nxc4+ 24. Bxc4 e5 25. Rhd1 Bc6 26. Bd5 Kf6 27.
Bxc6 Rxc6 28. Rd5 b6 29. Rcd1 Re8 30. c4 e4 31. fxe4 Rxe4 32. R1d4 Rxd4 33.
Rxd4 g5 34. Kc3 f4 35. hxg5+ Kxg5 36. b4 axb4+ 37. Kxb4 h5 38. a5 bxa5+ 39.
Kxa5 Re6 40. Rd2 h4 41. c5 Kg4 42. Rd6 Re2 43. Rg6+ Kf5 44. Rg8 Re3 45. c6 *

[Event "FIDE WCC Rapid Open 2019"]
[Site "Moscow"]
[Date "2019.12.26"]
[Round "4.84"]
[White "Mesropov, Konstantin"]
[Black "Salgado Lopez, Ivan"]
[Result "1/2-1/2"]
[WhiteElo "2431"]
[BlackElo "2527"]
[Annotator "ChessBase"]
[PlyCount "54"]
[EventDate "2019.12.26"]
[EventType "swiss"]
[EventCountry "RUS"]
[Tiebreak "Cut2 Buchholz+Sum of Buchholz"]
[SourceTitle "playchess.com"]
[Source "ChessBase"]
[SourceQuality "1"]

1. d4 e6 2. e4 d5 3. Nc3 Bb4 4. exd5 exd5 5. Bd3 c6 6. Qf3 Nf6 7. Bg5 Nbd7 8.
Nge2 O-O 9. O-O Re8 10. Ng3 h6 11. Bf4 Nf8 12. Be5 Ng4 13. Bxg7 Kxg7 14. Nh5+
Kh8 15. h3 f5 16. Bxf5 Nf6 17. Bxc8 Nxh5 18. Bxb7 Ng7 19. Bxc6 Bxc3 20. Bxe8
Qxe8 21. bxc3 Qc6 22. Rfe1 Ng6 23. Qe3 Kh7 24. Qd3 Kh8 25. Qe3 Kh7 26. Qd3 Kh8
27. c4 dxc4 1/2-1/2

[Event "FIDE WCC Rapid Open 2019"]
[Site "Moscow"]
[Date "2019.12.26"]
[Round "4.85"]
[White "Atabayev, Saparmyrat"]
[Black "Kryakvin, Dmitry"]
[Result "*"]
[WhiteElo "2258"]
[BlackElo "2525"]
[Annotator "ChessBase"]
[PlyCount "83"]
[EventDate "2019.12.26"]
[EventType "swiss"]
[EventCountry "RUS"]
[Tiebreak "Cut2 Buchholz+Sum of Buchholz"]
[SourceTitle "playchess.com"]
[Source "ChessBase"]
[SourceQuality "1"]

1. d4 d5 2. c4 c6 3. Nc3 Nf6 4. Nf3 dxc4 5. a4 a5 6. e4 Bg4 7. Bxc4 e6 8. Be3
Bb4 9. Qc2 Nbd7 10. Nd2 Bh5 11. f3 Bg6 12. O-O Nd5 13. Bf2 O-O 14. Rfd1 Rc8 15.
Qb3 N5b6 16. Be2 c5 17. Na2 Qe7 18. Nxb4 cxb4 19. Rac1 f5 20. Rxc8 Rxc8 21. Bb5
fxe4 22. fxe4 Kh8 23. Rf1 h6 24. h3 Kh7 25. Be3 e5 26. Re1 exd4 27. Bxd4 Nc5
28. Qe3 Nbxa4 29. Rc1 Rd8 30. Nf3 b6 31. Ne5 Be8 32. Nc6 Bxc6 33. Bxc6 Rxd4 34.
Qxd4 Nb3 35. Qd1 Nxc1 36. Bxa4 Qc5+ 37. Kh1 b3 38. Bd7 g6 39. Be6 h5 40. Qd7+
Kh6 41. Qd2+ Kg7 42. Qf4 *

[Event "FIDE WCC Rapid Open 2019"]
[Site "Moscow"]
[Date "2019.12.26"]
[Round "4.86"]
[White "Shcherbakov, Ruslan"]
[Black "Mikhailovsky, Vladimir"]
[Result "*"]
[WhiteElo "2520"]
[BlackElo "2267"]
[Annotator "ChessBase"]
[PlyCount "88"]
[EventDate "2019.12.26"]
[EventType "swiss"]
[EventCountry "RUS"]
[Tiebreak "Cut2 Buchholz+Sum of Buchholz"]
[SourceTitle "playchess.com"]
[Source "ChessBase"]
[SourceQuality "1"]

1. e4 d5 2. exd5 Qxd5 3. Nc3 Qd6 4. d4 Nf6 5. Nf3 Bg4 6. Be2 e6 7. O-O Be7 8.
h3 Bxf3 9. Bxf3 c6 10. Ne2 O-O 11. Bf4 Qb4 12. c3 Qxb2 13. Rb1 Qxa2 14. Rxb7
Nbd7 15. Bxc6 Qa6 16. Rc7 Bd8 17. Bb7 Qb6 18. Rxd7 Rb8 19. Bxb8 Nxd7 20. Bxa7
Qxb7 21. Qa1 Be7 22. Rb1 Qc7 23. Qa6 Nf6 24. Rb7 Qc8 25. Qb5 Bd6 26. c4 h6 27.
Nc3 Rd8 28. Bb6 Qxb7 29. Bxd8 Qa7 30. c5 Qa1+ 31. Nb1 Qxd4 32. cxd6 Ne4 33. Bb6
Qd1+ 34. Kh2 Qxd6+ 35. Kg1 Qd1+ 36. Qf1 Qb3 37. Be3 Qb2 38. Qe1 Qc2 39. Nd2 Nf6
40. Nf3 Nd5 41. Qd2 Qb1+ 42. Qc1 Qb7 43. Bd4 f6 44. Qb2 Qc6 *

[Event "FIDE WCC Rapid Open 2019"]
[Site "Moscow"]
[Date "2019.12.26"]
[Round "4.89"]
[White "Studer, Noel"]
[Black "Gasanov, Eldar"]
[Result "*"]
[WhiteElo "2405"]
[BlackElo "2560"]
[Annotator "ChessBase"]
[PlyCount "83"]
[EventDate "2019.12.26"]
[EventType "swiss"]
[EventCountry "RUS"]
[Tiebreak "Cut2 Buchholz+Sum of Buchholz"]
[SourceTitle "playchess.com"]
[Source "ChessBase"]
[SourceQuality "1"]

1. d4 Nf6 2. c4 e6 3. Nf3 Bb4+ 4. Nbd2 O-O 5. a3 Be7 6. e4 d6 7. Qc2 Nfd7 8.
Be2 e5 9. b3 exd4 10. Nxd4 Bf6 11. Bb2 Nc6 12. N4f3 Bxb2 13. Qxb2 Re8 14. O-O
Nc5 15. Qc2 a5 16. Rfe1 Qf6 17. Rab1 Bg4 18. Bf1 Re7 19. b4 axb4 20. axb4 Ne6
21. c5 Nf4 22. cxd6 cxd6 23. Qb2 Ne5 24. Nxe5 dxe5 25. Nc4 Rd8 26. Ne3 Qg5 27.
Nxg4 Qxg4 28. f3 Qg5 29. g3 Red7 30. Qc3 Rd2 31. Rb2 Rxb2 32. Qxb2 h5 33. Kh1
Ne6 34. Qc1 Qf6 35. Qe3 h4 36. Bc4 Nd4 37. Rf1 Rc8 38. Qd3 b5 39. Bb3 Qd6 40.
f4 Qxb4 41. Bd5 Qb2 42. gxh4 *

[Event "FIDE WCC Rapid Open 2019"]
[Site "Moscow"]
[Date "2019.12.26"]
[Round "4.90"]
[White "Piorun, Kacper"]
[Black "Abdusattorov, Nodirbek"]
[Result "*"]
[WhiteElo "2552"]
[BlackElo "2418"]
[Annotator "ChessBase"]
[PlyCount "84"]
[EventDate "2019.12.26"]
[EventType "swiss"]
[EventCountry "RUS"]
[Tiebreak "Cut2 Buchholz+Sum of Buchholz"]
[SourceTitle "playchess.com"]
[Source "ChessBase"]
[SourceQuality "1"]

1. e4 c5 2. Nf3 d6 3. d4 cxd4 4. Qxd4 Nf6 5. Be2 Nc6 6. Qe3 g6 7. O-O Bg7 8. h3
O-O 9. Rd1 Qb6 10. Qxb6 axb6 11. Nc3 Be6 12. a3 Nd7 13. Nd5 Ra7 14. c3 Nc5 15.
Be3 h6 16. Nd2 Bxd5 17. exd5 Ne5 18. Bb5 g5 19. a4 Raa8 20. b4 Ncd7 21. Nb3
Rfc8 22. Rac1 Rc7 23. a5 Nc4 24. Bxc4 Rxc4 25. axb6 Rxc3 26. Na5 Rb8 27. Nc6
Re8 28. Rxc3 Bxc3 29. Rc1 Nf6 30. Rxc3 Nxd5 31. Ra3 f5 32. Na5 f4 33. Bd2 Nxb6
34. Rc3 Kf7 35. Rc7 Nd5 36. Rxb7 Rc8 37. Kf1 Rc2 38. Ke2 h5 39. Kd3 Ra2 40. Nb3
Rb2 41. Nd4 Kf6 42. f3 e5 *

[Event "FIDE WCC Rapid Open 2019"]
[Site "Moscow"]
[Date "2019.12.26"]
[Round "4.91"]
[White "Vavulin, Maxim"]
[Black "Santos Ruiz, Miguel"]
[Result "*"]
[WhiteElo "2551"]
[BlackElo "2379"]
[Annotator "ChessBase"]
[PlyCount "82"]
[EventDate "2019.12.26"]
[EventType "swiss"]
[EventCountry "RUS"]
[Tiebreak "Cut2 Buchholz+Sum of Buchholz"]
[SourceTitle "playchess.com"]
[Source "ChessBase"]
[SourceQuality "1"]

1. e4 e5 2. Nf3 Nc6 3. Bb5 Nf6 4. Qe2 Bd6 5. c3 O-O 6. d3 Re8 7. Nbd2 a6 8. Ba4
Bf8 9. Nf1 d5 10. h3 b5 11. Bb3 Na5 12. Bc2 c5 13. Ng3 h6 14. Nh2 Nc6 15. Ng4
d4 16. Qf3 Nh7 17. Nf5 Be6 18. Bb3 dxc3 19. bxc3 Qa5 20. Bxe6 fxe6 21. Nfxh6+
gxh6 22. O-O Qxc3 23. Nxh6+ Bxh6 24. Bxh6 Re7 25. Rac1 Qa3 26. Kh1 Rd8 27. Be3
Rg7 28. Rfd1 Rxd3 29. Rxd3 Qxd3 30. Rxc5 Qd7 31. Qh5 Nf6 32. Qh4 Rg6 33. Kh2
Kg7 34. f3 Qd6 35. Qf2 Nd8 36. Qc2 Nh5 37. Rc7+ Nf7 38. Rc6 Qd8 39. Qc3 Qh4 40.
Qd2 Qg3+ 41. Kh1 Nf4 *

[Event "FIDE WCC Rapid Open 2019"]
[Site "Moscow"]
[Date "2019.12.26"]
[Round "4.93"]
[White "Guimaraes, Diogo Duarte"]
[Black "Tran, Tuan Minh"]
[Result "*"]
[WhiteElo "2286"]
[BlackElo "2511"]
[Annotator "ChessBase"]
[PlyCount "122"]
[EventDate "2019.12.26"]
[EventType "swiss"]
[EventCountry "RUS"]
[Tiebreak "Cut2 Buchholz+Sum of Buchholz"]
[SourceTitle "playchess.com"]
[Source "ChessBase"]
[SourceQuality "1"]

1. e4 c5 2. Nf3 d6 3. d4 cxd4 4. Nxd4 Nf6 5. Nc3 a6 6. g3 e5 7. Nde2 Be7 8. Bg2
O-O 9. O-O b6 10. Nd5 Bb7 11. Nec3 Nbd7 12. a4 Re8 13. Be3 Rc8 14. Rc1 Bc6 15.
Nb4 Bb7 16. Nbd5 Bc6 17. Nb4 Bb7 18. Nbd5 h6 19. h3 Nxd5 20. Nxd5 Bg5 21. f4
exf4 22. gxf4 Be7 23. Qd4 Bf6 24. Nxf6+ Nxf6 25. Qxb6 Qxb6 26. Bxb6 Bxe4 27. c4
Bxg2 28. Kxg2 Re4 29. b3 Rb8 30. a5 Nd7 31. Bc7 Rxb3 32. Bxd6 Ree3 33. c5 Rg3+
34. Kf2 Nf6 35. Rfe1 Rxh3 36. f5 Rhf3+ 37. Kg2 Rxf5 38. c6 Rg5+ 39. Kf2 Ng4+
40. Ke2 Re3+ 41. Kf1 Rf3+ 42. Ke2 Re3+ 43. Kf1 Rf3+ 44. Ke2 Rf2+ 45. Kd3 Rd5+
46. Kc4 Rxd6 47. c7 Rc6+ 48. Kb3 Rf3+ 49. Kb4 Rf4+ 50. Kb3 Rf3+ 51. Kb4 Rf4+
52. Kb3 Rxc7 53. Rxc7 Rf5 54. Re8+ Kh7 55. Ka4 Rf4+ 56. Kb3 Rf5 57. Ka4 Rf4+
58. Kb3 Rf5 59. Ka4 h5 60. Rc6 h4 61. Re4 Rg5 *